000 00622cam a22002291 4500
001 sa 67003776
003 DLC
005 20260227112341.0
008 890710s1966 ii ab b 000 0 hino
010 _asa 67003776
035 _a(OCoLC)19989060
040 _aDLC
_cWaU
_dDLC
042 _apremarc
050 0 0 _aPK1939
_b.S85
100 0 _aAmbāprasāda Sumana,
_d1916-1997.
245 1 0 _aHindī aura usakī upabhāshāoṃ kā svarūpa.
260 _c[1966]
300 _a12, 340 p.
_billus., fold. map.
_c23 cm.
500 _aIn Hindi.
504 _aBibliographical notes.
650 0 _aHindi language
_xDialects.
999 _c74059
_d74059